Zomrel Ján Repaský

Bibliographic Details
Format: Article
Language:Slovak
Subjects:

MARC

LEADER 00000nab a2200000 a 4500
001 vtls000666707
003 SK-MaSNL
005 20260302183742.0
008 160322c1998 xo 0 slo
015 |a SNBRB1998/09-25655 
035 |a CLN000018891 
040 |a SNKBUCL  |b slo  |c SNKBUCL  |e AACR2 
041 0 |a slo 
044 |a xo  |c SK 
080 |a 355.333.6  |2 UDC-MRF-SK2 
080 |a 32-051  |2 UDC-MRF-SK2 
080 |a 929 Repaský, Ján  |2 UDC-MRF-SK2 
245 0 0 |a Zomrel Ján Repaský 
600 1 7 |a Repaský, Ján  |d 1937-1998  |2 snkbucl  |9 893288 
655 7 |a články z novín a časopisov  |2 snkbucl  |9 267496 
773 0 |t Slovenská republika  |g Roč. 6, č. 218 (22.9.1998), s. 2 
850 |a Slovenská národná knižnica v Martine 
852 |a SNK  |b KIS3GCP 
958 |a BX 
958 |a SK 
958 |a RBX 
999 |c 1422821  |d 1424751